<?xml version="1.0" encoding="UTF-8"?>
<record
    xmlns:xsi="http://www.w3.org/2001/XMLSchema-instance"
    xsi:schemaLocation="http://www.loc.gov/MARC21/slim http://www.loc.gov/standards/marcxml/schema/MARC21slim.xsd"
    xmlns="http://www.loc.gov/MARC21/slim">

  <leader>     nam a22     7a 4500</leader>
  <datafield tag="999" ind1=" " ind2=" ">
    <subfield code="c">336882</subfield>
    <subfield code="d">336882</subfield>
  </datafield>
  <controlfield tag="003">IT-MiCISF</controlfield>
  <controlfield tag="005">20171204142616.0</controlfield>
  <controlfield tag="008">171204b        xxu||||| |||| 00| 0 eng d</controlfield>
  <datafield tag="040" ind1=" " ind2=" ">
    <subfield code="c">IT-MiCISF</subfield>
  </datafield>
  <datafield tag="041" ind1=" " ind2=" ">
    <subfield code="a">it</subfield>
  </datafield>
  <datafield tag="100" ind1=" " ind2=" ">
    <subfield code="a">Vigorelli Pietro</subfield>
    <subfield code="9">56111</subfield>
  </datafield>
  <datafield tag="245" ind1=" " ind2=" ">
    <subfield code="a">Alzheimer</subfield>
    <subfield code="b">Come favorire la comunicazione nella vita quotidiana</subfield>
  </datafield>
  <datafield tag="260" ind1=" " ind2=" ">
    <subfield code="a">Milano</subfield>
    <subfield code="b">FrancoAngeli</subfield>
    <subfield code="c">2015</subfield>
  </datafield>
  <datafield tag="300" ind1=" " ind2=" ">
    <subfield code="a">pp. 142</subfield>
  </datafield>
  <datafield tag="500" ind1=" " ind2=" ">
    <subfield code="a">malattie-mentali, cura, comunicazione, esperienze, progetto</subfield>
  </datafield>
  <datafield tag="501" ind1=" " ind2=" ">
    <subfield code="a">Trabucchi M., Pennati A., Napoli D.</subfield>
  </datafield>
  <datafield tag="520" ind1=" " ind2=" ">
    <subfield code="a">Quando la malattia di Alzheimer avanza e ruba i ricordi e le parole, si pu&#xF2; ancora comunicare? L&#x2019;autore cerca delle risposte, senza inseguire sogni impossibili ma restando con i piedi per terra. Il modello di riferimento &#xE8; l'Approccio Capacitante: un modo di stare in relazione con gli anziani smemorati e disorientati che si basa sull'attenzione al momento presente, il qui e ora, che cerca di fare emergere l'io sano che ancora c'&#xE8; dietro i sintomi di malattia, che vuole riconoscere le capacit&#xE0; della persona cos&#xEC; come sono, cos&#xEC; come riesce a esprimerle. Nel libro si parla di linguaggio verbale e non verbale, dell'importanza del contesto e dell'intenzione a comunicare. Un capitolo &#xE8; dedicato alla comunicazione della diagnosi, un altro affronta il problema dal punto di vista di un paziente. Il volume &#xE8; scritto in modo semplice ed &#xE8; ricco di consigli pratici; &#xE8; accessibile a tutti e vuole essere uno strumento utile per affrontare i problemi della vita quotidiana, sia in casa che nelle Case per anziani.</subfield>
  </datafield>
  <datafield tag="650" ind1=" " ind2=" ">
    <subfield code="a">salute-cura</subfield>
    <subfield code="9">56220</subfield>
  </datafield>
  <datafield tag="654" ind1=" " ind2=" ">
    <subfield code="a">saggio</subfield>
  </datafield>
  <datafield tag="942" ind1=" " ind2=" ">
    <subfield code="2">ddc</subfield>
    <subfield code="c">BK</subfield>
  </datafield>
  <datafield tag="952" ind1=" " ind2=" ">
    <subfield code="0">0</subfield>
    <subfield code="1">0</subfield>
    <subfield code="2">ddc</subfield>
    <subfield code="4">0</subfield>
    <subfield code="6">B_7398_000000000000000</subfield>
    <subfield code="7">1</subfield>
    <subfield code="a">CISF</subfield>
    <subfield code="b">CISF</subfield>
    <subfield code="d">2017-12-04</subfield>
    <subfield code="l">0</subfield>
    <subfield code="o">b7398</subfield>
    <subfield code="p">9788891712561</subfield>
    <subfield code="r">2017-12-04 00:00:00</subfield>
    <subfield code="w">2017-12-04</subfield>
    <subfield code="y">BK</subfield>
  </datafield>
</record>
